[Event "Jakovenko-Nepompiatchy m"]
[Site "Playchess"]
[Date "2009.05.15"]
[Round "?"]
[White "Nepomniachtchi, Ian"]
[Black "Jakovenko, Dmitrij"]
[Result "1-0"]
[WhiteElo "2624"]
[BlackElo "2760"]
[PlyCount "55"]
[EventDate "2009.05.15"]
[EventType "blitz"]
[EventCountry "GER"]

1. e4 e5 2. Nf3 Nc6 3. d4 exd4 4. c3 d5 5. exd5 Qxd5 6. cxd4 Nf6 7. Nc3 Bb4 8.
Be2 O-O 9. O-O Qa5 10. Bd2 Bg4 11. a3 Bxc3 12. Bxc3 Qd5 13. h3 Bh5 14. Rc1 Rad8
15. Qa4 a6 16. Rfe1 Qd6 17. Ne5 Bxe2 18. Rxe2 Nxd4 19. Qxd4 Qxd4 20. Bxd4 Rxd4
21. Rxc7 b5 22. Nc6 Rd1+ 23. Kh2 g6 24. Ra7 Kg7 25. Rxa6 Nd5 26. Ra7 Rc1 27.
Nd4 b4 28. Ne6+ 1-0

[Event "Jakovenko-Nepompiatchy m"]
[Site "Playchess"]
[Date "2009.05.15"]
[Round "?"]
[White "Jakovenko, Dmitrij"]
[Black "Nepomniachtchi, Ian"]
[Result "1/2-1/2"]
[WhiteElo "2760"]
[BlackElo "2624"]
[PlyCount "67"]
[EventDate "2009.05.15"]
[EventType "blitz"]
[EventCountry "GER"]

1. e4 e6 2. d4 d5 3. Nc3 Nf6 4. e5 Nfd7 5. f4 c5 6. Nf3 Nc6 7. Be3 cxd4 8. Nxd4
Bc5 9. Qd2 O-O 10. O-O-O a6 11. Qf2 Nxd4 12. Bxd4 b6 13. Kb1 g6 14. h4 f6 15.
exf6 Qxf6 16. g3 Bb7 17. Bh3 Rae8 18. Qd2 Bxd4 19. Qxd4 Qxd4 20. Rxd4 Nf6 21.
Re1 Bc8 22. Rd3 d4 23. Ne2 Ne4 24. Rxd4 Nxg3 25. Nxg3 e5 26. Bxc8 exd4 27. Be6+
Kg7 28. Re4 Rf6 29. f5 gxf5 30. Nxf5+ Kh8 31. Bd5 Ref8 32. Be6 Re8 33. Bd5 Ref8
34. Be6 1/2-1/2

[Event "Jakovenko-Nepompiatchy m"]
[Site "Playchess"]
[Date "2009.05.15"]
[Round "?"]
[White "Nepomniachtchi, Ian"]
[Black "Jakovenko, Dmitrij"]
[Result "1-0"]
[WhiteElo "2624"]
[BlackElo "2760"]
[PlyCount "125"]
[EventDate "2009.05.15"]
[EventType "blitz"]
[EventCountry "GER"]

1. e4 c6 2. d4 d5 3. f3 e6 4. Nc3 b6 5. Bf4 Ba6 6. Nge2 Nf6 7. Qd2 Bb4 8. Qe3
h6 9. O-O-O Nh5 10. a3 Nxf4 11. Nxf4 Bxc3 12. Qxc3 Bxf1 13. Rhxf1 Qd6 14. g3
Nd7 15. Kb1 O-O-O 16. Qd3 Kb7 17. c4 e5 18. dxe5 Nxe5 19. Qc2 d4 20. Nd3 Nxd3
21. Qxd3 c5 22. f4 f6 23. e5 fxe5 24. fxe5 Qe6 25. Rf4 Rhe8 26. Re1 Re7 27. b4
Rde8 28. bxc5 bxc5 29. Ka1 Qc6 30. Rb1+ Ka8 31. Re4 Rxe5 32. Rxe5 Rxe5 33. Qh7
Qd7 34. Qc2 a6 35. Qg2+ Ka7 36. Qb2 Qc7 37. Qf2 Re8 38. Qf5 Rb8 39. Re1 Rb7 40.
Rb1 Rxb1+ 41. Kxb1 Kb6 42. Kc2 Qd6 43. Kb3 g6 44. Qd3 h5 45. h4 Qe6 46. Ka4 Qf5
47. Qd2 Qd7+ 48. Kb3 Qe8 49. Ka2 Qe3 50. Qc2 d3 51. Qb2+ Kc7 52. Qg7+ Kd8 53.
Qf6+ Kd7 54. Qf7+ Kd6 55. Qxg6+ Ke5 56. Qg7+ Ke4 57. Qb7+ Kd4 58. Qg7+ Kxc4 59.
Qf7+ Kd4 60. Qd7+ Kc3 61. Qg7+ Qd4 62. Qf7 d2 63. Qb3# 1-0

[Event "Jakovenko-Nepompiatchy m"]
[Site "Playchess"]
[Date "2009.05.15"]
[Round "?"]
[White "Jakovenko, Dmitrij"]
[Black "Nepomniachtchi, Ian"]
[Result "1-0"]
[WhiteElo "2760"]
[BlackElo "2624"]
[PlyCount "61"]
[EventDate "2009.05.15"]
[EventType "blitz"]
[EventCountry "GER"]

1. d4 d6 2. Nf3 Nf6 3. c4 g6 4. Nc3 Bg7 5. e4 O-O 6. Be2 e5 7. O-O Na6 8. Be3
Ng4 9. Bg5 f6 10. Bc1 Qe8 11. Re1 h5 12. Rb1 c6 13. b4 Nc7 14. a4 Ne6 15. d5
Nf4 16. Bxf4 exf4 17. dxc6 bxc6 18. Qxd6 Ne5 19. Nxe5 fxe5 20. c5 Rf6 21. Qd1
Bf8 22. Rc1 Kg7 23. b5 Bxc5 24. Nd5 cxd5 25. Qxd5 Bxf2+ 26. Kxf2 Bg4 27. Rc7+
Kh6 28. Qb7 Rd8 29. Rh7+ Kg5 30. Qg7 Rd2 31. h4+ 1-0

[Event "Jakovenko-Nepompiatchy m"]
[Site "Playchess"]
[Date "2009.05.15"]
[Round "?"]
[White "Nepomniachtchi, Ian"]
[Black "Jakovenko, Dmitrij"]
[Result "0-1"]
[WhiteElo "2624"]
[BlackElo "2760"]
[PlyCount "130"]
[EventDate "2009.05.15"]
[EventType "blitz"]
[EventCountry "GER"]

1. e4 e5 2. d4 exd4 3. Qxd4 Nc6 4. Qe3 Nf6 5. Bd2 Bb4 6. Nc3 O-O 7. O-O-O Re8
8. Qg3 Rxe4 9. a3 Rg4 10. Qh3 Bxc3 11. Bxc3 d5 12. f3 Rd4 13. Qg3 Rxd1+ 14.
Kxd1 d4 15. Bd2 Bf5 16. Qg5 Qd5 17. g4 Nxg4 18. fxg4 Be4 19. Qf4 Bxh1 20. Bd3
Re8 21. Qxc7 Be4 22. Qxb7 Bxd3 23. cxd3 Qg2 24. Kc2 a5 25. Qd7 Rd8 26. Qc7 Qxg4
27. Qg3 Qxg3 28. hxg3 a4 29. b3 Ne5 30. bxa4 Rc8+ 31. Kb3 Nxd3 32. Nf3 Kf8 33.
Nxd4 Ke7 34. a5 Kd7 35. Bb4 Nc5+ 36. Kb2 Ne6 37. Nf5 g6 38. Nd6 Rf8 39. Ne4 Rb8
40. Nf6+ Kc6 41. Nxh7 f5 42. Nf6 g5 43. Kc3 f4 44. gxf4 Nxf4 45. Kd4 Rd8+ 46.
Ke4 Nd5 47. Ng4 Nxb4 48. axb4 Rf8 49. Ne3 Kb5 50. Ke5 Re8+ 51. Kd4 Kxb4 52. a6
Ka5 53. Nd5 Rd8 54. Ke4 Kxa6 55. Nf6 Rf8 56. Nd7 Rf4+ 57. Ke3 Kb5 58. Ne5 Rf5
59. Nf3 Kc4 60. Ke4 Rf4+ 61. Ke3 Rf5 62. Ke4 Rb5 63. Ne5+ Kc3 64. Kf5 g4 65.
Kf4 Rxe5 0-1

[Event "Jakovenko-Zhigalko m"]
[Site "Playchess"]
[Date "2009.08.28"]
[Round "?"]
[White "Jakovenko, Dmitrij"]
[Black "Zhigalko, Sergei"]
[Result "1/2-1/2"]
[WhiteElo "2760"]
[BlackElo "2621"]
[PlyCount "69"]
[EventDate "2009.08.28"]
[EventType "match (blitz)"]
[EventCountry "GER"]

1. d4 d5 2. c4 e6 3. Nf3 c6 4. Bg5 Be7 5. Bxe7 Qxe7 6. e3 Nf6 7. Nc3 O-O 8. Bd3
dxc4 9. Bxc4 Nbd7 10. O-O e5 11. Qc2 h6 12. Bb3 Re8 13. Nh4 Nf8 14. Nf5 Bxf5
15. Qxf5 exd4 16. exd4 Qd7 17. Qxd7 N8xd7 18. d5 Nc5 19. dxc6 Nxb3 20. cxb7
Rab8 21. axb3 Rxb7 22. Ra3 Reb8 23. Nd1 Ne4 24. Re1 Nc5 25. h4 Nxb3 26. Re4 Nc5
27. Rc4 Ne6 28. Ra2 Rd8 29. Nc3 Rd2 30. Rca4 Rbxb2 31. Rxb2 Rxb2 32. Rxa7 Rd2
33. g3 Rd8 34. Ne4 h5 35. Kg2 1/2-1/2

[Event "Jakovenko-Zhigalko m"]
[Site "Playchess"]
[Date "2009.08.28"]
[Round "?"]
[White "Jakovenko, Dmitrij"]
[Black "Zhigalko, Sergei"]
[Result "1-0"]
[WhiteElo "2760"]
[BlackElo "2621"]
[PlyCount "141"]
[EventDate "2009.08.28"]
[EventType "match (blitz)"]
[EventCountry "GER"]

1. d4 d5 2. c4 e6 3. Nc3 c6 4. e3 Bd6 5. Nf3 f5 6. Be2 Nf6 7. O-O O-O 8. b3 Qe7
9. Bb2 b6 10. a3 Bb7 11. b4 Nbd7 12. Qc2 Ne4 13. Nd2 Rac8 14. c5 Bb8 15. f4
Nxd2 16. Qxd2 g5 17. Rae1 Kh8 18. Na2 Rg8 19. Nc1 Nf6 20. Nd3 Ne4 21. Qc2 Ba6
22. Bc1 Rg7 23. Nf2 Bxe2 24. Qxe2 Nf6 25. fxg5 Rcg8 26. Nh3 Ne4 27. Qf3 Nxg5
28. Nxg5 Rxg5 29. Re2 Rg4 30. Bd2 b5 31. Be1 Qg5 32. h3 Re4 33. Kh1 Qh6 34. Bf2
Bc7 35. Rfe1 a5 36. Bg1 Rg3 37. Qf1 Rg8 38. Qf3 a4 39. Bh2 Bxh2 40. Kxh2 Qf6
41. Rg1 Qe7 42. Rf2 Qc7+ 43. g3 Qb8 44. Rfg2 Rg6 45. Kh1 Rh6 46. g4 fxg4 47.
Rxg4 Rxg4 48. Qxg4 Qf8 49. Qg5 Rg6 50. Qe5+ Kg8 51. Rxg6+ hxg6 52. Qxe6+ Kg7
53. Qe5+ Kh6 54. Qf4+ Qxf4 55. exf4 Kh5 56. Kg2 Kh4 57. Kh2 g5 58. f5 g4 59.
hxg4 Kg5 60. f6 Kxf6 61. Kg3 Kg5 62. Kf3 Kh4 63. Kf4 Kh3 64. g5 Kg2 65. Kf5 Kf2
66. g6 Ke2 67. g7 Kd3 68. g8=Q Kc4 69. Qg4 Kb3 70. Qg3+ Ka2 71. Qf3 1-0

[Event "Jakovenko-Zhigalko m"]
[Site "Playchess"]
[Date "2009.08.28"]
[Round "?"]
[White "Jakovenko, Dmitrij"]
[Black "Zhigalko, Sergei"]
[Result "1-0"]
[WhiteElo "2760"]
[BlackElo "2621"]
[PlyCount "85"]
[EventDate "2009.08.28"]
[EventType "match (blitz)"]
[EventCountry "GER"]

1. d4 Nf6 2. c4 e6 3. Nf3 b6 4. g3 Ba6 5. Qc2 Bb4+ 6. Bd2 Be7 7. e4 d5 8. cxd5
Bxf1 9. Kxf1 exd5 10. e5 Ne4 11. Nc3 Nxd2+ 12. Qxd2 Qd7 13. Kg2 Nc6 14. Ne1
O-O-O 15. Nc2 h5 16. Ne3 h4 17. Rac1 h3+ 18. Kf1 Qe6 19. f4 g6 20. Ne2 f6 21.
f5 Qd7 22. e6 Qe8 23. Nf4 gxf5 24. Nxf5 Kb7 25. Kf2 Bd6 26. Rhe1 Bxf4 27. Qxf4
Rc8 28. e7 Qd7 29. Re3 Rh5 30. g4 Rg5 31. Rce1 Re8 32. Re6 a5 33. a3 a4 34. Kg3
Rgg8 35. Kxh3 Rh8+ 36. Kg3 Rh7 37. Qe3 Reh8 38. h4 Re8 39. h5 Rf7 40. h6 Rh7
41. Ng7 Rxe7 42. Rxe7 Qd6+ 43. Qf4 1-0

[Event "Jakovenko-Zhigalko m"]
[Site "Playchess"]
[Date "2009.08.28"]
[Round "?"]
[White "Zhigalko, Sergei"]
[Black "Jakovenko, Dmitrij"]
[Result "1-0"]
[WhiteElo "2621"]
[BlackElo "2760"]
[PlyCount "67"]
[EventDate "2009.08.28"]
[EventType "match (blitz)"]
[EventCountry "GER"]

1. e4 e5 2. Nf3 Nc6 3. Bb5 a6 4. Ba4 Nf6 5. O-O Be7 6. Re1 b5 7. Bb3 O-O 8. a4
b4 9. d3 d6 10. Nbd2 Be6 11. Bxe6 fxe6 12. c3 Rb8 13. d4 exd4 14. cxd4 d5 15.
e5 Nd7 16. b3 Na5 17. Bb2 c5 18. Rc1 Rc8 19. dxc5 Bxc5 20. Qe2 Qb6 21. Rf1 Rf5
22. Bd4 Nc6 23. Bxc5 Nxc5 24. Qe3 Na5 25. Nd4 Rff8 26. Nxe6 Qxe6 27. Rxc5 d4
28. Qxd4 Nxb3 29. Nxb3 Qxb3 30. Rxc8 Rxc8 31. Qd7 Qc4 32. e6 Qc6 33. Re1 Qc3
34. Rd1 1-0

[Event "Jakovenko-Zhigalko m"]
[Site "Playchess"]
[Date "2009.08.28"]
[Round "?"]
[White "Zhigalko, Sergei"]
[Black "Jakovenko, Dmitrij"]
[Result "1-0"]
[WhiteElo "2621"]
[BlackElo "2760"]
[PlyCount "129"]
[EventDate "2009.08.28"]
[EventType "match (blitz)"]
[EventCountry "GER"]

1. e4 c5 2. Nf3 d6 3. d4 cxd4 4. Qxd4 Nc6 5. Bb5 Bd7 6. Bxc6 Bxc6 7. Nc3 Nf6 8.
Bg5 e6 9. O-O-O Be7 10. Rhe1 O-O 11. Kb1 Qa5 12. Qd2 Rfe8 13. Nd4 Rac8 14. f3
Qa6 15. g4 b5 16. Nce2 Bb7 17. Ng3 Rc4 18. b3 Rc5 19. Be3 Rec8 20. Rc1 Nd7 21.
g5 d5 22. h4 R5c7 23. e5 Nxe5 24. Bf4 Nc4 25. bxc4 Rxc4 26. Nge2 Ba3 27. Be5
Qb6 28. h5 Bd6 29. Bxd6 Qxd6 30. Ka1 b4 31. h6 g6 32. f4 a5 33. Rb1 Bc6 34. Nc1
Ba4 35. Ncb3 R4c7 36. Rb2 Qb6 37. Qe3 Qd6 38. Qe5 Qxe5 39. fxe5 Bxb3 40. axb3
Rc3 41. Ra2 R8c5 42. Rf1 Rg3 43. Nf3 Rg2 44. Rb2 Kf8 45. Kb1 Ke7 46. c4 Rxb2+
47. Kxb2 dxc4 48. bxc4 Rxc4 49. Nd2 Rd4 50. Nb3 Re4 51. Nxa5 Rxe5 52. Nc6+ Kd6
53. Nxe5 Kxe5 54. Rxf7 Ke4 55. Rxh7 Ke3 56. Rg7 e5 57. h7 Kd3 58. h8=Q e4 59.
Rxg6 e3 60. Rb6 e2 61. Rxb4 e1=Q 62. Qd8+ Ke3 63. Qe7+ Kf2 64. Qxe1+ Kg2 65. g6
1-0

[Event "Jakovenko-Zhigalko m"]
[Site "Playchess"]
[Date "2009.08.28"]
[Round "?"]
[White "Zhigalko, Sergei"]
[Black "Jakovenko, Dmitrij"]
[Result "1/2-1/2"]
[WhiteElo "2621"]
[BlackElo "2760"]
[PlyCount "75"]
[EventDate "2009.08.28"]
[EventType "match (blitz)"]
[EventCountry "GER"]

1. e4 c5 2. Nf3 e6 3. c3 d5 4. e5 d4 5. Bd3 Nc6 6. O-O Nge7 7. Re1 Ng6 8. g3
Qc7 9. Qe2 Be7 10. h4 Nf8 11. a4 Nd7 12. Na3 a6 13. Nc4 b6 14. Be4 Bb7 15. d3
h6 16. Bf4 dxc3 17. bxc3 b5 18. Nd6+ Bxd6 19. exd6 Qc8 20. Rab1 Nf6 21. axb5
axb5 22. Rxb5 Nxe4 23. dxe4 Ba6 24. c4 Bxb5 25. cxb5 Nb8 26. Ne5 O-O 27. Qg4
Kh7 28. Rc1 Ra5 29. Qh5 Qb7 30. Rxc5 Qxe4 31. Qd1 Qb4 32. Be3 Qb2 33. Qd3+ Kg8
34. d7 Rd8 35. Kg2 Ra8 36. Rc8 Nxd7 37. Rxa8 Rxa8 38. Nxd7 1/2-1/2

[Event "Jakovenko-Zhigalko m"]
[Site "Playchess"]
[Date "2009.08.28"]
[Round "?"]
[White "Zhigalko, Sergei"]
[Black "Jakovenko, Dmitrij"]
[Result "1-0"]
[WhiteElo "2621"]
[BlackElo "2760"]
[PlyCount "61"]
[EventDate "2009.08.28"]
[EventType "match (blitz)"]
[EventCountry "GER"]

1. e4 e5 2. Nf3 Nc6 3. Bb5 Nf6 4. O-O Nxe4 5. d4 Nd6 6. Bxc6 dxc6 7. dxe5 Nf5
8. Qxd8+ Kxd8 9. Nc3 Ne7 10. h3 h6 11. b3 Bd7 12. Bb2 Ke8 13. Rfe1 c5 14. a4 a5
15. Nb5 Rc8 16. Na7 Rd8 17. Nb5 Rc8 18. Kh2 Nc6 19. g4 Rg8 20. Nh4 Be7 21. Nf5
Bg5 22. Kg3 g6 23. Ne3 h5 24. Nd5 Bd8 25. Nf6+ Bxf6 26. exf6+ Kd8 27. Rad1 hxg4
28. hxg4 Re8 29. Rh1 Nb4 30. Rh7 Rf8 31. Bc1 1-0

[Event "Jakovenko-Zhigalko m"]
[Site "Playchess"]
[Date "2009.08.28"]
[Round "?"]
[White "Zhigalko, Sergei"]
[Black "Jakovenko, Dmitrij"]
[Result "0-1"]
[WhiteElo "2621"]
[BlackElo "2760"]
[PlyCount "78"]
[EventDate "2009.08.28"]
[EventType "match (blitz)"]
[EventCountry "GER"]

1. e4 e5 2. Nf3 Nc6 3. Bb5 Nf6 4. O-O Nxe4 5. d4 Nd6 6. Bxc6 dxc6 7. dxe5 Nf5
8. Qxd8+ Kxd8 9. Nc3 Ne7 10. h3 h6 11. b3 Ke8 12. Bb2 Bd7 13. Rfe1 c5 14. a4 a5
15. Nb5 Rc8 16. Rad1 Nc6 17. g4 h5 18. Ng5 hxg4 19. e6 fxe6 20. hxg4 Rh6 21. f4
Rg6 22. Kf2 Be7 23. Rh1 Bxg5 24. fxg5 Rxg5 25. Rh7 e5 26. Rh8+ Ke7 27. Rxc8
Bxc8 28. Nxc7 Nd4 29. Nd5+ Kd6 30. Ne3 Kc6 31. Rh1 Rg6 32. Rh5 Rf6+ 33. Ke1 Rf4
34. Nc4 Nf3+ 35. Ke2 Bxg4 36. Rh8 Nd4+ 37. Kd3 Bf5+ 38. Kd2 Rf2+ 39. Ke3 Re2#
0-1

[Event "Jakovenko-Zhigalko m"]
[Site "Playchess"]
[Date "2009.08.28"]
[Round "?"]
[White "Jakovenko, Dmitrij"]
[Black "Zhigalko, Sergei"]
[Result "1/2-1/2"]
[WhiteElo "2760"]
[BlackElo "2621"]
[PlyCount "104"]
[EventDate "2009.08.28"]
[EventType "match (blitz)"]
[EventCountry "GER"]

1. e4 c5 2. Nf3 Nc6 3. Bb5 Nf6 4. Bxc6 dxc6 5. d3 Bg4 6. Nbd2 Nd7 7. h3 Bh5 8.
g4 Bg6 9. b3 e5 10. Bb2 f6 11. Nc4 Be7 12. Ne3 Nf8 13. c3 Ne6 14. Qc2 Qc7 15.
O-O-O O-O-O 16. Nf5 Rd7 17. h4 Rhd8 18. h5 Bf7 19. Rd2 Bf8 20. Kb1 Nf4 21. Rhd1
g6 22. hxg6 hxg6 23. Ne3 Bh6 24. d4 cxd4 25. cxd4 exd4 26. Rxd4 Rxd4 27. Bxd4
Ne6 28. Bxf6 Rxd1+ 29. Qxd1 Qf4 30. g5 Qxe4+ 31. Kb2 Bf8 32. Nd2 Qd3 33. Ndc4
Qxd1 34. Nxd1 Nc5 35. Ne5 Be8 36. Nc3 Bd6 37. f4 Ne6 38. Ne2 c5 39. a4 b6 40.
Kc3 a6 41. Kd3 b5 42. a5 Bc7 43. Ke3 Bxa5 44. f5 gxf5 45. g6 Bc7 46. g7 Nxg7
47. Bxg7 Bxe5 48. Bxe5 a5 49. Bd6 a4 50. bxa4 bxa4 51. Bxc5 a3 52. Bxa3 Bb5
1/2-1/2

[Event "Jakovenko-Zhigalko m"]
[Site "Playchess"]
[Date "2009.08.28"]
[Round "?"]
[White "Zhigalko, Sergei"]
[Black "Jakovenko, Dmitrij"]
[Result "1-0"]
[WhiteElo "2621"]
[BlackElo "2760"]
[PlyCount "65"]
[EventDate "2009.08.28"]
[EventType "match (blitz)"]
[EventCountry "GER"]

1. e4 c5 2. Nf3 Nc6 3. Bb5 e6 4. O-O Nge7 5. c3 a6 6. Ba4 b5 7. Bc2 d5 8. e5 d4
9. Be4 d3 10. Ne1 c4 11. b3 Rb8 12. bxc4 Nxe5 13. cxb5 f5 14. Nf3 Nc4 15. Bc6+
Nxc6 16. bxc6 Qd5 17. c7 Rb7 18. Qa4+ Qb5 19. Qxb5+ axb5 20. a4 b4 21. cxb4
Bxb4 22. Na3 Bxa3 23. Bxa3 Rxc7 24. Rfc1 Kd8 25. Bb4 Bb7 26. Ne1 Kc8 27. Nxd3
Bd5 28. Nf4 Kd7 29. d3 Ne5 30. Rxc7+ Kxc7 31. Re1 Nc6 32. Bc3 Re8 33. Nxd5+ 1-0

[Event "Jakovenko-Zhigalko m"]
[Site "Playchess"]
[Date "2009.08.28"]
[Round "?"]
[White "Jakovenko, Dmitrij"]
[Black "Zhigalko, Sergei"]
[Result "0-1"]
[WhiteElo "2760"]
[BlackElo "2621"]
[PlyCount "58"]
[EventDate "2009.08.28"]
[EventType "match (blitz)"]
[EventCountry "GER"]

1. e4 c5 2. Nf3 Nc6 3. Bb5 Nf6 4. Bxc6 dxc6 5. d3 Bg4 6. Nbd2 Nd7 7. h3 Bh5 8.
g4 Bg6 9. Nc4 f6 10. e5 b5 11. Ncd2 Nxe5 12. Nxe5 fxe5 13. Qe2 Qd5 14. f3 e6
15. b3 h5 16. Rf1 hxg4 17. hxg4 Be7 18. Bb2 Bh4+ 19. Kd1 Bg3 20. Qg2 Bf4 21.
Rh1 Rxh1+ 22. Qxh1 O-O-O 23. Bc1 c4 24. bxc4 bxc4 25. Qg1 Bxd3 26. Qxa7 c3 27.
cxd3 cxd2 28. Ba3 Qxf3+ 29. Kc2 Qxd3+ 0-1

[Event "Jakovenko-Zhigalko m"]
[Site "Playchess"]
[Date "2009.08.28"]
[Round "?"]
[White "Zhigalko, Sergei"]
[Black "Jakovenko, Dmitrij"]
[Result "1-0"]
[WhiteElo "2621"]
[BlackElo "2760"]
[PlyCount "85"]
[EventDate "2009.08.28"]
[EventType "match (blitz)"]
[EventCountry "GER"]

1. e4 c5 2. Nf3 d6 3. d4 cxd4 4. Qxd4 Nc6 5. Bb5 Bd7 6. Bxc6 Bxc6 7. Nc3 Nf6 8.
Bg5 e6 9. O-O-O Be7 10. Rhe1 O-O 11. Kb1 Qc7 12. Qd2 Rfc8 13. Nd4 Rab8 14. f3
b5 15. g4 b4 16. Nce2 a5 17. Ng3 a4 18. Rg1 Bd7 19. Nh5 e5 20. Bxf6 Bxf6 21.
Nxf6+ gxf6 22. g5 f5 23. Nxf5 b3 24. Ne7+ Kf8 25. Nxc8 Qxc8 26. cxb3 axb3 27.
Qxd6+ Kg8 28. Qxd7 Qc2+ 29. Ka1 Ra8 30. a4 Qc4 31. Rg2 Rxa4+ 32. Kb1 Ra8 33.
Qd6 Qa4 34. Qa3 Qe8 35. Qxb3 Rb8 36. Qc3 Rc8 37. Qd3 Ra8 38. Rgd2 Kg7 39. Qc3
Rc8 40. Qb3 Rb8 41. Qd5 Ra8 42. Qd6 Rb8 43. Qf6+ 1-0

[Event "Jakovenko-Zhigalko m"]
[Site "Playchess"]
[Date "2009.08.28"]
[Round "?"]
[White "Jakovenko, Dmitrij"]
[Black "Zhigalko, Sergei"]
[Result "1-0"]
[WhiteElo "2760"]
[BlackElo "2621"]
[PlyCount "87"]
[EventDate "2009.08.28"]
[EventType "match (blitz)"]
[EventCountry "GER"]

1. e4 c5 2. Nf3 Nc6 3. d4 cxd4 4. Nxd4 Nf6 5. Nc3 e5 6. Ndb5 d6 7. Bg5 a6 8.
Na3 b5 9. Nd5 Be7 10. Bxf6 Bxf6 11. c3 Bg5 12. Nc2 Ne7 13. Ncb4 O-O 14. a4 bxa4
15. Qxa4 a5 16. Bb5 Nxd5 17. Nxd5 Be6 18. Bc6 Rb8 19. b3 g6 20. O-O f5 21. b4
axb4 22. cxb4 Kh8 23. b5 Bxd5 24. Bxd5 Qb6 25. Rab1 fxe4 26. Qxe4 Rf4 27. Qe3
Qxe3 28. fxe3 Rxf1+ 29. Kxf1 Bxe3 30. Ke2 Bc5 31. Kd3 h5 32. Kc4 Kg7 33. Be4
Kf6 34. Kd5 Rb6 35. Bd3 Kg7 36. Rb3 Kf6 37. Bc4 Kg7 38. Rg3 Kh6 39. Bd3 g5 40.
Rf3 g4 41. Rf6+ Kg7 42. Rf5 Kh6 43. g3 Rxb5 44. Bxb5 1-0

[Event "Jakovenko-Zhigalko m"]
[Site "Playchess"]
[Date "2009.08.28"]
[Round "?"]
[White "Zhigalko, Sergei"]
[Black "Jakovenko, Dmitrij"]
[Result "1/2-1/2"]
[WhiteElo "2621"]
[BlackElo "2760"]
[PlyCount "86"]
[EventDate "2009.08.28"]
[EventType "match (blitz)"]
[EventCountry "GER"]

1. e4 e5 2. Nf3 Nc6 3. Bb5 Nf6 4. O-O a6 5. Ba4 Be7 6. Re1 b5 7. Bb3 d6 8. c3
O-O 9. h3 Re8 10. d3 Na5 11. Bc2 c5 12. Nbd2 Nc6 13. Nf1 h6 14. Ng3 Be6 15. Nh2
d5 16. Qf3 d4 17. Ng4 dxc3 18. bxc3 Nxg4 19. hxg4 Bg5 20. Nf5 Bxc1 21. Rexc1 a5
22. Bb3 a4 23. Bd5 Bxd5 24. exd5 Ne7 25. c4 Nxf5 26. Qxf5 b4 27. Re1 Qd6 28.
Re2 Re7 29. Rae1 Rae8 30. g3 a3 31. Kg2 g6 32. Qe4 Qf6 33. Qe3 e4 34. dxe4 Rxe4
35. Qxe4 Rxe4 36. Rxe4 Kg7 37. Rd1 Qd6 38. Re3 Kf6 39. Rd2 Kg7 40. Rde2 Qf6 41.
Rd2 Qd6 42. Rf3 Kf8 43. Re3 Kg7 1/2-1/2

[Event "Jakovenko-Zhigalko m"]
[Site "Playchess"]
[Date "2009.08.28"]
[Round "?"]
[White "Jakovenko, Dmitrij"]
[Black "Zhigalko, Sergei"]
[Result "0-1"]
[WhiteElo "2760"]
[BlackElo "2621"]
[PlyCount "102"]
[EventDate "2009.08.28"]
[EventType "match (blitz)"]
[EventCountry "GER"]

1. e4 c5 2. Nf3 Nc6 3. d4 cxd4 4. Nxd4 Nf6 5. Nc3 e5 6. Ndb5 d6 7. Bg5 a6 8.
Na3 b5 9. Nd5 Be7 10. Bxf6 Bxf6 11. c3 Bg5 12. Nc2 O-O 13. a4 bxa4 14. Rxa4 a5
15. Bc4 Rb8 16. b3 Kh8 17. Nce3 Be6 18. O-O g6 19. Qd3 f5 20. Rd1 Bh6 21. Ra2
Qd7 22. Nf1 Qb7 23. Re2 Rbd8 24. Ra2 Rb8 25. exf5 gxf5 26. Nde3 e4 27. Qxd6
Bxc4 28. bxc4 Bg7 29. Nd5 Ne5 30. Nfe3 f4 31. Nf1 Nxc4 32. Qe6 Qb3 33. Raa1 e3
34. fxe3 Rbe8 35. Qg4 fxe3 36. Ng3 Nb2 37. Nh5 Rg8 38. Nxg7 Rxg7 39. Qh5 Reg8
40. Nf6 Nxd1 41. Nxg8 Qxg8 42. Rxd1 Rxg2+ 43. Kh1 Qa8 44. Qe5+ Rg7+ 45. Qd5
Qxd5+ 46. Rxd5 Re7 47. Rd1 e2 48. Re1 a4 49. Kg2 a3 50. Kf2 a2 51. Ra1 e1=Q+
0-1

[Event "Mamedyarov-Safarli m"]
[Site "Playchess"]
[Date "2009.08.30"]
[Round "?"]
[White "Safarli, Eltaj"]
[Black "Mamedyarov, Shakhriyar"]
[Result "1-0"]
[WhiteElo "2597"]
[BlackElo "2717"]
[PlyCount "111"]
[EventDate "2009.08.30"]
[EventType "match (blitz)"]
[EventCountry "GER"]

1. e4 e5 2. Nf3 Nf6 3. d4 Nxe4 4. Bd3 Nc6 5. Nxe5 Nxe5 6. dxe5 Nc5 7. Bf4 d6 8.
exd6 Bxd6 9. Bb5+ Ke7 10. Bg5+ f6 11. Be3 Be6 12. O-O c6 13. Be2 Qc7 14. h3
Rad8 15. Nd2 Rhe8 16. Bh5 g6 17. Bg4 Kf7 18. b4 Ne4 19. Kh1 Bxb4 20. c3 Bxc3
21. Qc2 Nxd2 22. Qxc3 Nxf1 23. Rxf1 Bxg4 24. hxg4 Rd5 25. Rb1 h5 26. g5 fxg5
27. Qb3 Kg7 28. Qb2+ Kh7 29. Qf6 Qe7 30. Qf3 g4 31. Qf4 Rf5 32. Qh6+ Kg8 33.
Qxg6+ Qg7 34. Qxf5 Qf7 35. Qg5+ Kh7 36. Qh6+ Kg8 37. Qg5+ Qg7 38. Qxg7+ Kxg7
39. Rxb7+ Kg6 40. Rxa7 h4 41. Ra5 g3 42. Rg5+ Kf6 43. Kg1 Rd8 44. fxg3 Rd3 45.
Bf4 Rd1+ 46. Kh2 h3 47. Rh5 Rf1 48. Rh6+ Kg7 49. Rxh3 Ra1 50. Rh4 Kg6 51. Rg4+
Kf5 52. Rg5+ Kf6 53. Re5 Rh1+ 54. Kxh1 c5 55. Re6+ Kxe6 56. g4 1-0

[Event "Mamedyarov-Safarli m"]
[Site "Playchess"]
[Date "2009.08.30"]
[Round "?"]
[White "Mamedyarov, Shakhriyar"]
[Black "Safarli, Eltaj"]
[Result "1-0"]
[WhiteElo "2717"]
[BlackElo "2597"]
[PlyCount "101"]
[EventDate "2009.08.30"]
[EventType "match (blitz)"]
[EventCountry "GER"]

1. d4 Nf6 2. c4 g6 3. f3 Nc6 4. e4 e5 5. d5 Nd4 6. Ne2 c5 7. Nxd4 cxd4 8. Bd3
b5 9. Nd2 Nh5 10. O-O Nf4 11. Qc2 h5 12. Nb3 Bh6 13. c5 h4 14. Bxb5 O-O 15. g3
hxg3 16. hxg3 Qg5 17. Qh2 d6 18. Kh1 Kg7 19. gxf4 exf4 20. Rg1 Qe5 21. Kg2 Rh8
22. Rh1 Rb8 23. Bd3 dxc5 24. Nxc5 Bg4 25. fxg4 Bg5 26. Qg1 f3+ 27. Kxf3 Rxh1
28. Qxh1 Rh8 29. Nd7 Qe7 30. Bxg5 Qxg5 31. Qg1 Rh3+ 32. Ke2 Re3+ 33. Kd2 Rg3+
34. Kc2 Rxg1 35. Rxg1 Qe3 36. Rf1 Qg3 37. Nc5 Qxg4 38. b4 Qg2+ 39. Kb3 Qg5 40.
d6 Qe5 41. d7 Qd6 42. Bc4 a5 43. Rxf7+ Kh6 44. b5 d3 45. d8=Q a4+ 46. Nxa4 Qxd8
47. Bd5 Qd6 48. Rf1 Qa3+ 49. Kxa3 d2 50. Kb3 Kg7 51. Rd1 1-0

[Event "Mamedyarov-Safarli m"]
[Site "Playchess"]
[Date "2009.08.30"]
[Round "?"]
[White "Safarli, Eltaj"]
[Black "Mamedyarov, Shakhriyar"]
[Result "0-1"]
[WhiteElo "2597"]
[BlackElo "2717"]
[PlyCount "52"]
[EventDate "2009.08.30"]
[EventType "match (blitz)"]
[EventCountry "GER"]

1. e4 d6 2. d4 Nf6 3. Nc3 g6 4. f4 Bg7 5. Nf3 c5 6. d5 O-O 7. Bd3 a6 8. a4 e6
9. dxe6 Bxe6 10. O-O c4 11. Be2 Nc6 12. f5 gxf5 13. exf5 Bxf5 14. Nh4 Be6 15.
Nf5 Bxf5 16. Rxf5 d5 17. Bg5 Qb6+ 18. Kh1 Ne7 19. Rf3 Rae8 20. Qf1 d4 21. Rxf6
Bxf6 22. Bxf6 dxc3 23. Bxc3 Nd5 24. Bd2 Qxb2 25. Bh6 Ne3 26. Qe1 Nf5 0-1

[Event "Mamedyarov-Safarli m"]
[Site "Playchess"]
[Date "2009.08.30"]
[Round "?"]
[White "Mamedyarov, Shakhriyar"]
[Black "Safarli, Eltaj"]
[Result "0-1"]
[WhiteElo "2717"]
[BlackElo "2597"]
[PlyCount "46"]
[EventDate "2009.08.30"]
[EventType "match (blitz)"]
[EventCountry "GER"]

1. e4 d5 2. exd5 Qxd5 3. Nc3 Qd8 4. d3 g6 5. g3 Bg7 6. Bg2 Nh6 7. h4 Nf5 8. h5
Nc6 9. h6 Bf6 10. Ne4 O-O 11. Ne2 Bh8 12. c3 Nd6 13. Bg5 Bf5 14. Qb3 Nxe4 15.
dxe4 Be6 16. Qxb7 Ne5 17. Rd1 Qe8 18. b3 Bg4 19. Qxc7 Nf3+ 20. Bxf3 Bxf3 21.
Rh4 Qb5 22. Ng1 Bxd1 23. c4 Qxg5 0-1